La carrière de Clarence Seedorf - Statistiques

Statistiques générales
  • Ce quiz a été pris 30 fois
  • Le résultat moyen est 4 sur 6
Statistiques - réponses
Année Match But Réponse % Correct
1992 - 1995 90 11 Ajax Amsterdam
100%
2002 - 2012 432 62 AC Milan
93%
1996 - 1999 159 20 Real Madrid
93%
2000 - 2002 93 14 Inter Milan
60%
2012 - 2014 59 17 Botafogo
27%
1995 - 1996 34 4 UC Sampdoria
23%
Aucun quiz correspondant
Distribution des résultats
% des personnes avec chaque résultat
Percentile par nombre de réponses
Votre historique - résultats
Vous n’avez pas pris ce quiz